000 00538nam a2200205Ia 4500
003 OSt
005 20230516094104.0
008 210423s2010 xx 000 0 und d
020 _a9788126145003
040 _cAL
041 _aeng
082 _a574.192028 RASA
_223
100 _aRASTOGI (Arun).
_9104597
245 _aIntroduction to practical biochemistry.
260 _aNew Delhi
_bAnmol Publications
_c2010
300 _a294
_bPB
365 _b900
_cINR
906 _abiochemistry. ; Introduction ; practical
942 _2ddc
_cBK
999 _c164749
_d164749